01699 a2200217 4500003000500000005001700005010001600022020001500038040000900053082001500062100001900077245009500096246006000191250001200251260003900263300003400302505109300336650001401429650002001443700001801463Nust20220730112158.0 a 97068696 a0789714051 cNust00a004.67,GRI1 aGrimes, Galen.10a10 minute guide to the Internet and the World Wide Web / cGalen Grimes, with Rick Bolton.3 aTen minute guide to the Internet and the World Wide Web a3rd ed. aIndianapolis, Ind. :bQue,cc1997. axii, 185 p. :bill. ;c22 cm. aFinding Out About The Internet and the world Wide web (Page-1), Hardware and Software You Will Need To Access the Web (Page-9), Using Microsoft Internet Explore (Page-16), Marking Favorite Pages in Internet Explorer (Page-22), Browsing Offline and Subscribing to (Page-28), Controlling Active X Controls (Page-37), Using Netscape Navigator (Page-42), Setting Bookmarks in Netscape (Page-50), Using Netscape Plug – Ins (Page-58), Real Time Audio and Video Using Real Player (Page-66), Searching the Internet Using Search Engines (Page-72), Sending and Receiving E-Mail (Page-82), Accessing Files With FTP (Page-92), Working With Newsgroups (Page-100), Real Time Chat on the Internet (Page-114), Internet Telephones (Page-118), Pont Cast and Push Technology (Page-125), Internet Etiquette (Page-133), Selecting an Internet service Provider (Page-138), Configuration for Windows 3.1 Users (Page-143), Configuration for Windows 95 Users (Page-147), Configuration for Macintosh Users (Page-157), Accessing The Internet With An On Line Access Service (Page-169),  0aInternet. 0aWorld Wide Web.1 aBolton, Rick.